Wealth & culture /

Bibliographic Details
Main Author: Lindemann, Eduard Christian, 1885-
Format: Book
Language:English
Published: New York : Harcourt Brace, [1936]
Subjects:

MARC

Tag First Indicator Second Indicator Subfields
LEADER 00000cam a2200000 4500
001 in00000057461
005 20151007082134.0
008 740607s1936 eng u
010 |a  36027179  
035 |a (OCoLC)00910616 
035 |9 AAF7423AM 
040 |c MDY  |d TXA  |d UtOrBLW 
049 |a TXAM  |c [191382] 
050 0 |a AS911.A2  |b L5 
082 0 |a 061 
092 |a 061  |b L743w 
100 1 |a Lindemann, Eduard Christian,  |d 1885- 
245 1 0 |a Wealth & culture /  |c by Edvard C. Lindemann; a study of one hundred foundations and community trusts and their operations during the decades 1921-1930; with 8 charts, 3 graphs, and full statistical tables. 
264 1 |a New York :  |b Harcourt Brace,  |c [1936] 
264 4 |c [©1936] 
300 |a ix, 135 pages :  |b illustrations, tables, diagrams ;  |c 29x23 cm. 
336 |a text  |b txt  |2 rdacontent 
337 |a unmediated  |b n  |2 rdamedia 
338 |a volume  |b nc  |2 rdacarrier 
504 |a "Notes on a foundation bibliography": pages 51-54. 
650 0 |a Endowments  |z United States. 
650 0 |a Wealth. 
650 0 |a Culture. 
650 0 |a Social surveys. 
999 |a MARS 
999 f f |s 77b54501-2d6b-307a-ad34-aae14ba42c07  |i c14afdad-8128-37f5-98f7-d0b3bcd49c53  |t 0 
952 f f |p ric  |a Texas A&M University  |b Rellis Campus  |c Joint Library Facility  |d Remote Storage  |t 0  |e AS911.A2 L5  |h Library of Congress classification  |i unmediated -- volume  |m A14800499565 
998 f f |a AS911.A2 L5  |t 0  |l Remote Storage